Countries Closest to Africa - One Minute Sprint - Statistics

General Stats
  • This quiz has been taken 85 times
  • The average score is 16 of 20
Answer Stats
km country miles % Correct
0 Spain 0
99%
101 Saudi Arabia 63
97%
183 Israel 114
96%
144 Italy 89
94%
258 Greece 160
91%
507 Turkey 315
91%
20 Yemen 13
91%
212 Jordan 132
87%
202 Portugal 126
87%
332 Lebanon 207
86%
288 Malta 179
86%
570 Oman 354
84%
365 Syria 227
83%
450 France 280
80%
352 Cyprus 219
79%
645 Iraq 401
56%
21 UK (Gibraltar) 13
53%
549 Vatican City 341
51%
737 Monaco 458
46%
637 Andorra 396
41%
No matching quizzes found
Score Distribution
Percent of People with Each Score
Percentile by Number Answered
Your Score History
You have not taken this quiz